Sultangaliyev ve milli komünizm (Record no. 10018)
[ view plain ]
| 000 -BAŞLIK | |
|---|---|
| Sabit Uzunlukta Kontrol Alanı | 00874na a2200289 4500 |
| 001 - KONTROL NUMARASI | |
| Denetim Alanı | 15881 |
| 003 - KONTROL NUMARASI IDENTIFIER | |
| Denetim Alanı | MIRAKIL |
| 005 - SON İŞLEM TARİHİ VE ZAMANI | |
| Denetim Alanı | 20181213155304.0 |
| 008 - SABİT-BOY VERİ ELEMANLARI - GENEL BİLGİLER | |
| Sabit Uzunlukta Kontrol Alanı | 161009b tu 000 0 |
| 020 ## - ULUSLARARASI STANDART KİTAP NUMARASI | |
| Uluslararası Standart Kitap Numarası | 9752860389 |
| 035 ## - SİSTEM KONTROL NUMARASI | |
| Sistem Kontrol Numarası | 15881 |
| 040 ## - KATALOGLAMA KAYNAK | |
| Orijinal Kataloglama Ajansı | Milas |
| Kataloglama Dili | tur |
| Metne Dönüştürmek Ajansı | TR-AnCHP |
| 041 ## - DİL KODU | |
| Metin / Ses Parça Veya Ayrı Başlığın Dil Kodu | tur |
| 082 ## - DEWEY ONLU SINIFLANDIRMA NUMARASI | |
| Sınıflandırma Numarası | 320.532092 |
| Ürün Numarası | K24s 2003 |
| 090 ## - SINIFLAMA NUMARASI | |
| Sınıflama Numarası | 320.532092 K24s 2003 |
| 100 ## - ANA GİRİŞ - KİŞİSEL İSİM | |
| Kişisel Ad | Kakınç, Halit |
| Bir Adıyla İlişkilendirilen Tarihler | 1952- |
| 245 ## - BAŞLIK TABLOSU | |
| Başlık | Sultangaliyev ve milli komünizm |
| Sorumluluk Tablosu, Vb | Halit Kakınç |
| 250 ## - EDITION TABLOSU | |
| Baskı Beyanı | 3. bs. |
| 260 ## - YAYIN, DAĞITIM, VB | |
| Yayın, Dağıtım, Vb Yeri | İstanbul |
| Yayıncı, Dağıtıcı, Vs Adı | Bulut yayınları |
| Yayın, Dağıtım, Vb Tarihi | 2003 |
| 300 ## - FİZİKSEL TANIM | |
| Kapsam | 335 s. |
| Diğer Fiziksel Ayrıntıları | fotğ. |
| Boyutlar | 22 sm. |
| 504 ## - KAYNAKÇA VB NOT | |
| Kaynakça Vb Notu | Kaynakça ve dizin var. |
| 600 ## - KONU KATMA GİRİŞ - KURUMSAL ADI | |
| Kişisel Ad | Sultangaliyev, Mirseyid |
| Bir Adıyla İlişkilendirilen Tarihler | 1892-1939 |
| Genel Alt Bölümü | Yaşamöyküsü |
| 650 ## - KONU KATMA GİRİŞ - TOPİKAL DÖNEM | |
| Topikal Süreli Veya Coğrafi Ad Giriş Elemanı | Sosyalizm |
| Genel Alt Bölümü | Ulusalcılık |
| Coğrafi Alt Bölümü | Sovyet Birliği |
| 650 ## - KONU KATMA GİRİŞ - TOPİKAL DÖNEM | |
| Topikal Süreli Veya Coğrafi Ad Giriş Elemanı | Devrimciler |
| Coğrafi Alt Bölümü | Sovyetler Birliği |
| 650 ## - KONU KATMA GİRİŞ - TOPİKAL DÖNEM | |
| Topikal Süreli Veya Coğrafi Ad Giriş Elemanı | Komünizm |
| Kronolojik Alt Bölümü | 20. yüzyıl |
| Coğrafi Alt Bölümü | Sovyetler Birliği |
| 942 ## - EKLENDİ GİRİŞ ELEMANLARI (KOHA) | |
| Sınıflandırma Veya Raf Düzeni Kaynak | Dewey Decimal Classification |
| Koha Öğesi Türü | Books |
| 999 ## - SİSTEM KONTROL NUMARALARI (KOHA) | |
| Koha Biblionumber | 10018 |
| Koha Biblioitemnumber | 10018 |
| Kalıcı Konum | Mevcut Konum | Edinme Tarihi | Edinim Kaynak | Toplam Check-Out'Lar | Tam Çağrı Numarası | Barkod | Tarih Son Görülme | İtibaren Geçerli Fiyatlar | Koha Öğesi Türü | Sigara Kamu Notu |
|---|---|---|---|---|---|---|---|---|---|---|
| CHP Kütüphanesi | CHP Kütüphanesi | 09/26/2016 | Bağış | 320.532092 K24s 2003 | 004218 | 09/26/2016 | 09/26/2016 | Books | ||
| Parti Okulu Kütüphanesi | Parti Okulu Kütüphanesi | 12/09/2021 | 320.532092 K24s 2003 | P00924 | 12/09/2021 | 12/09/2021 | Books | Emin Değer Bağışıdır. |
